Biological Control with Egg Parasitoids. (Record no. 4029)

MARC details
000 -LEADER
fixed length control field 00581nam a22002057a 4500
003 - CONTROL NUMBER IDENTIFIER
control field OSt
005 - DATE AND TIME OF LATEST TRANSACTION
control field 20210319112126.0
008 - FIXED-LENGTH DATA ELEMENTS--GENERAL INFORMATION
fixed length control field 160513b xxu||||| |||| 00| 0 eng d
020 ## - INTERNATIONAL STANDARD BOOK NUMBER
International Standard Book Number 0851988962
040 ## - CATALOGING SOURCE
Transcribing agency DDC.
082 ## - DEWEY DECIMAL CLASSIFICATION NUMBER
Classification number 632 BIO 1994.
100 ## - MAIN ENTRY--PERSONAL NAME
Personal name Edited by Wajnberg, E. ; Hassan, S.A;
9 (RLIN) 8791
245 ## - TITLE STATEMENT
Title Biological Control with Egg Parasitoids.
260 ## - PUBLICATION, DISTRIBUTION, ETC. (IMPRINT)
Place of publication, distribution, etc. UK;
Name of publisher, distributor, etc. CAB international.
Date of publication, distribution, etc. 1994.
300 ## - PHYSICAL DESCRIPTION
Extent xiv,286p;
Other physical details ill;
Dimensions 24cm.
504 ## - BIBLIOGRAPHY, ETC. NOTE
Bibliography, etc includes index and references.
650 ## - SUBJECT ADDED ENTRY--TOPICAL TERM
Topical term or geographic name as entry element Biological control
9 (RLIN) 5602
650 ## - SUBJECT ADDED ENTRY--TOPICAL TERM
Topical term or geographic name as entry element Agriculture
9 (RLIN) 4591
942 ## - ADDED ENTRY ELEMENTS (KOHA)
Source of classification or shelving scheme Dewey Decimal Classification
Koha item type Short Loan
Holdings
Withdrawn status Lost status Source of classification or shelving scheme Damaged status Not for loan Home library Current library Date acquired Source of acquisition Inventory number Total Checkouts Full call number Barcode Date last seen Koha item type
    Dewey Decimal Classification     MUST Main Library MUST Main Library 13/05/2016 Purchase 03/18077   632 BIO 1994. 2016-1889 13/05/2016 Short Loan
    Dewey Decimal Classification     MUST Main Library MUST Main Library 19/03/2021 Purchase 03/18079   632 BIO 1994. 2021-0279 19/03/2021 Open Shelf
    Dewey Decimal Classification     MUST Main Library MUST Main Library 22/03/2021 Donation 03/18078   632 BIO 1994. 2021-0303 22/03/2021 Open Shelf